| 000 | 00501nam a2200157 i 4500 | ||
|---|---|---|---|
| 001 | 99860 | ||
| 003 | ES-MaACL | ||
| 005 | 20230906182551.0 | ||
| 007 | t| | ||
| 008 | 050919s1953 sp ||||1| spa d | ||
| 100 | 1 |
_aMartínez Morellá, Vicente. _978260 |
|
| 245 | 1 | 3 |
_aEl Monasterio de Santa Verónica _b: (Santa Faz de Alicante) / _cVicente Martínez Morellá. |
| 260 |
_aAlicante : _b[s.n.], _c1953 ( _fArtes gráf. Alicante) |
||
| 300 |
_a40 p. ; _c22 cm. |
||
| 852 |
_aES-MaACL _j1895-F-11 _bR.35601 |
||
| 999 |
_c99860 _d99860 |
||